| 000 | 00419 a2200157 4500 | ||
|---|---|---|---|
| 999 |
_c320830 _d320830 |
||
| 001 | 85757 | ||
| 003 | NUST | ||
| 005 | 20180119194331.0 | ||
| 008 | 180119b xxu||||| |||| 00| 0 eng d | ||
| 020 | _a081338236x | ||
| 082 | _a972.93 WIA | ||
| 100 |
_aHoward J. Wiarda ; Michael J. Kryzanek _99152 |
||
| 245 |
_aThe Domincan Republic : A Caribbean Crucible _hEnglish |
||
| 250 | _a2nd | ||
| 260 |
_aUSA _bWestview _c1982 |
||
| 300 | _aix 167 p. | ||
| 500 | _aGifted By AM Masood Akhtar | ||
| 942 |
_acaenust _cBK _k972.93 WIA _2ddc |
||